[Event "Sport Summer 2016"]
[Site "Paracin"]
[Date "2016.07.11"]
[Round "5.1"]
[White "Berkes, Ferenc"]
[Black "Kadric, Denis"]
[Result "0-1"]
[BlackElo "2562"]
[WhiteElo "2640"]
[LiveChessVersion "1.4.8"]

1. d4 {[%clk 1:30:56]} d6 {[%clk 1:30:56]} 2. e4 {[%clk 1:31:21]} Nf6
{[%clk 1:30:19]} 3. Nc3 {[%clk 1:31:44]} Nc6 {[%clk 1:28:38]} 4. Nf3
{[%clk 1:31:37]} g6 {[%clk 1:29:04]} 5. Be3 {[%clk 1:31:49]} Bg7 {[%clk 1:29:26]}
6. Qd2 {[%clk 1:32:09]} O-O {[%clk 1:29:30]} 7. O-O-O {[%clk 1:32:29]} a6
{[%clk 1:29:17]} 8. Bh6 {[%clk 1:27:25]} b5 {[%clk 1:22:36]} 9. Bxg7
{[%clk 1:23:29]} Kxg7 {[%clk 1:22:34]} 10. Qe1 {[%clk 1:15:43]} e6
{[%clk 1:06:26]} 11. e5 {[%clk 1:15:30]} Nd5 {[%clk 1:07:11]} 12. h4
{[%clk 1:13:23]} h6 {[%clk 1:06:21]} 13. g3 {[%clk 0:53:42]} Ncb4
{[%clk 1:02:10]} 14. Nxd5 {[%clk 0:53:56]} Nxd5 {[%clk 1:02:37]} 15. Bg2
{[%clk 0:45:06]} Bb7 {[%clk 0:56:41]} 16. Nh2 {[%clk 0:45:26]} f5
{[%clk 0:51:41]} 17. exf6+ {[%clk 0:44:21]} Qxf6 {[%clk 0:51:14]} 18. f4
{[%clk 0:44:30]} h5 {[%clk 0:50:35]} 19. Rf1 {[%clk 0:41:09]} Rae8
{[%clk 0:43:38]} 20. Nf3 {[%clk 0:41:07]} Ne7 {[%clk 0:43:26]} 21. Rf2
{[%clk 0:39:29]} Bxf3 {[%clk 0:42:03]} 22. Rxf3 {[%clk 0:37:33]} Nf5
{[%clk 0:42:30]} 23. Rfd3 {[%clk 0:37:14]} Rf7 {[%clk 0:36:43]} 24. Bc6
{[%clk 0:36:04]} Ree7 {[%clk 0:37:09]} 25. Be4 {[%clk 0:32:44]} c5
{[%clk 0:24:06]} 26. dxc5 {[%clk 0:33:06]} dxc5 {[%clk 0:24:32]} 27. Bxf5
{[%clk 0:30:23]} exf5 {[%clk 0:24:50]} 28. Qf2 {[%clk 0:30:48]} c4
{[%clk 0:22:55]} 29. Rd6 {[%clk 0:29:40]} Re6 {[%clk 0:23:23]} 30. Qb6
{[%clk 0:29:39]} Rfe7 {[%clk 0:23:49]} 31. Qxa6 {[%clk 0:28:36]} Rxd6
{[%clk 0:20:54]} 32. Qxd6 {[%clk 0:26:31]} Qxd6 {[%clk 0:20:13]} 33. Rxd6
{[%clk 0:26:55]} Re3 {[%clk 0:20:41]} 34. Rd7+ {[%clk 0:23:05]} Kf6
{[%clk 0:20:24]} 35. Rd6+ {[%clk 0:23:07]} Kf7 {[%clk 0:20:46]} 36. Rb6
{[%clk 0:18:05]} Rxg3 {[%clk 0:20:50]} 37. Rxb5 {[%clk 0:16:51]} Rg4
{[%clk 0:21:16]} 38. a4 {[%clk 0:15:47]} Rxf4 {[%clk 0:21:14]} 39. a5
{[%clk 0:16:03]} c3 {[%clk 0:18:16]} 40. bxc3 {[%clk 0:15:57]} Rxh4
{[%clk 0:18:41]} 41. Rb4 {[%clk 0:13:56]} Rh1+ {[%clk 0:17:02]} 42. Kb2
{[%clk 0:14:21]} Re1 {[%clk 0:17:26]} 43. a6 {[%clk 0:14:45]} Re8
{[%clk 0:17:46]} 44. a7 {[%clk 0:14:39]} Ra8 {[%clk 0:18:08]} 45. Rb7+
{[%clk 0:14:47]} Kf6 {[%clk 0:17:50]} 46. c4 {[%clk 0:13:02]} h4 {[%clk 0:18:04]}
47. c5 {[%clk 0:12:03]} h3 {[%clk 0:18:29]} 48. Rh7 {[%clk 0:11:58]} h2
{[%clk 0:18:55]} 49. Rxh2 {[%clk 0:12:17]} Rxa7 {[%clk 0:19:24]} 50. Kc3
{[%clk 0:11:51]} g5 {[%clk 0:17:56]} 51. Kd4 {[%clk 0:11:26]} g4 {[%clk 0:18:05]}
52. c6 {[%clk 0:10:58]} g3 {[%clk 0:18:07]} 53. Rd2 {[%clk 0:06:14]} Rg7
{[%clk 0:09:03]} 54. Rg2 {[%clk 0:06:08]} f4 {[%clk 0:08:49]} 55. Ke4
{[%clk 0:06:32]} Kg5 {[%clk 0:09:03]} 56. Kf3 {[%clk 0:06:56]} Rc7
{[%clk 0:08:29]} 57. Rd2 {[%clk 0:06:08]} Rxc6 {[%clk 0:08:56]} 58. Rd5+
{[%clk 0:06:32]} Kh4 {[%clk 0:09:08]} 59. Rd8 {[%clk 0:03:20]} Rc3+
{[%clk 0:05:30]} 60. Kxf4 {[%clk 0:03:44]} Kh3 {[%clk 0:05:57]} 61. Rg8
{[%clk 0:02:37]} Kh2 {[%clk 0:06:09]} 62. Rh8+ {[%clk 0:02:45]} Kh3 0-1

[Event "Sport Summer 2016"]
[Site "Paracin"]
[Date "2016.07.11"]
[Round "5.2"]
[White "Tuna, Alp"]
[Black "Fang, Yuxiang"]
[Result "1/2-1/2"]
[BlackElo "2494"]
[WhiteElo "2105"]
[LiveChessVersion "1.4.8"]

1. d4 {[%clk 1:30:55]} d5 {[%clk 1:27:45]} 2. c4 {[%clk 1:31:10]} c6
{[%clk 1:23:50]} 3. cxd5 {[%clk 1:30:24]} cxd5 {[%clk 1:23:35]} 4. Bf4
{[%clk 1:30:16]} Nc6 {[%clk 1:22:08]} 5. e3 {[%clk 1:30:19]} Nf6 {[%clk 1:20:49]}
6. Nc3 {[%clk 1:30:41]} a6 {[%clk 1:19:11]} 7. Bd3 {[%clk 1:26:45]} Bg4
{[%clk 1:16:29]} 8. Nge2 {[%clk 1:27:10]} e6 {[%clk 1:16:22]} 9. O-O
{[%clk 1:26:42]} Bd6 {[%clk 1:15:23]} 10. f3 {[%clk 1:23:35]} Bh5
{[%clk 1:13:41]} 11. Rc1 {[%clk 1:21:14]} O-O {[%clk 1:12:22]} 12. Na4
{[%clk 1:11:28]} Bg6 {[%clk 1:10:08]} 13. Bxd6 {[%clk 1:04:43]} Qxd6
{[%clk 1:10:18]} 14. Nc5 {[%clk 1:04:39]} Rab8 {[%clk 1:00:37]} 15. Qd2
{[%clk 0:52:59]} Bxd3 {[%clk 0:55:12]} 16. Qxd3 {[%clk 0:49:51]} Nd7
{[%clk 0:54:56]} 17. Qd2 {[%clk 0:43:46]} Rfc8 {[%clk 0:52:16]} 18. Nxd7
{[%clk 0:39:51]} Qxd7 {[%clk 0:52:18]} 19. Nf4 {[%clk 0:40:17]} b6
{[%clk 0:47:15]} 20. Rc2 {[%clk 0:39:34]} Na5 {[%clk 0:45:44]} 21. Rfc1
{[%clk 0:37:08]} Nc4 {[%clk 0:42:49]} 22. Qe2 {[%clk 0:37:13]} h6
{[%clk 0:42:03]} 23. Nd3 {[%clk 0:30:34]} Qb7 {[%clk 0:40:06]} 24. Kf2
{[%clk 0:27:08]} Nd6 {[%clk 0:38:24]} 25. b3 {[%clk 0:25:57]} Rxc2
{[%clk 0:37:15]} 26. Rxc2 {[%clk 0:26:20]} Rc8 {[%clk 0:37:40]} 27. Qd1
{[%clk 0:25:05]} Kf8 {[%clk 0:36:08]} 28. Qc1 {[%clk 0:23:54]} Rxc2+
{[%clk 0:36:13]} 29. Qxc2 {[%clk 0:24:17]} Qc8 {[%clk 0:35:56]} 30. Qxc8+
{[%clk 0:23:54]} Nxc8 {[%clk 0:36:18]} 1/2-1/2

[Event "Sport Summer 2016"]
[Site "Paracin"]
[Date "2016.07.11"]
[Round "5.3"]
[White "Abramovic, Bosko"]
[Black "Savic, Miodrag R"]
[Result "1/2-1/2"]
[BlackElo "2507"]
[WhiteElo "2422"]
[LiveChessVersion "1.4.8"]

1. Nf3 {[%clk 1:30:56]} d5 {[%clk 1:30:27]} 2. g3 {[%clk 1:30:29]} Nf6
{[%clk 1:30:49]} 3. Bg2 {[%clk 1:30:52]} e6 {[%clk 1:30:36]} 4. O-O
{[%clk 1:30:58]} Be7 {[%clk 1:30:16]} 5. d4 {[%clk 1:28:50]} O-O {[%clk 1:30:35]}
6. c4 {[%clk 1:28:36]} dxc4 {[%clk 1:30:55]} 7. Qa4 {[%clk 1:27:45]} a6
{[%clk 1:29:37]} 8. Qxc4 {[%clk 1:28:08]} b5 {[%clk 1:29:17]} 9. Qc2
{[%clk 1:27:53]} Bb7 {[%clk 1:29:39]} 10. Bg5 {[%clk 1:24:32]} Nbd7
{[%clk 1:27:18]} 11. Nbd2 {[%clk 1:24:04]} Rc8 {[%clk 1:11:40]} 12. Nb3
{[%clk 1:12:44]} Be4 {[%clk 1:08:21]} 13. Qd2 {[%clk 1:11:39]} c5
{[%clk 1:03:23]} 14. dxc5 {[%clk 1:11:36]} Nxc5 {[%clk 1:01:45]} 15. Nxc5
{[%clk 1:10:12]} Qxd2 {[%clk 0:56:39]} 16. Bxd2 {[%clk 1:08:32]} Bxc5
{[%clk 0:56:31]} 17. Rfc1 {[%clk 1:03:12]} Nd5 {[%clk 0:52:48]} 18. Ne1
{[%clk 0:59:27]} Bxg2 {[%clk 0:41:47]} 19. Kxg2 {[%clk 0:59:46]} Bd4
{[%clk 0:40:38]} 20. Rab1 {[%clk 0:57:36]} Rxc1 {[%clk 0:39:53]} 21. Bxc1
{[%clk 0:57:58]} Rc8 {[%clk 0:38:54]} 22. Bd2 {[%clk 0:57:21]} f5
{[%clk 0:38:16]} 23. Kf1 {[%clk 0:55:36]} Bf6 {[%clk 0:34:43]} 24. f4
{[%clk 0:51:23]} e5 {[%clk 0:17:13]} 25. fxe5 {[%clk 0:45:00]} Bxe5
{[%clk 0:17:42]} 26. b3 {[%clk 0:45:19]} Kf7 {[%clk 0:17:04]} 27. Nd3
{[%clk 0:44:15]} Bd4 {[%clk 0:13:31]} 28. Rc1 {[%clk 0:43:08]} Rxc1+
{[%clk 0:14:00]} 29. Bxc1 {[%clk 0:43:33]} Ke6 {[%clk 0:11:35]} 30. Kg2
{[%clk 0:43:31]} a5 {[%clk 0:09:06]} 31. Kf3 {[%clk 0:43:28]} Bf6
{[%clk 0:07:44]} 32. Bd2 {[%clk 0:42:43]} Bc3 {[%clk 0:06:50]} 33. Bc1
{[%clk 0:23:05]} Nf6 {[%clk 0:07:08]} 34. h3 {[%clk 0:23:22]} g6 {[%clk 0:06:41]}
35. g4 {[%clk 0:23:37]} Ne4 {[%clk 0:06:36]} 36. gxf5+ {[%clk 0:23:12]} Kxf5
{[%clk 0:06:09]} 37. Be3 {[%clk 0:23:28]} g5 {[%clk 0:04:21]} 38. Nc5
{[%clk 0:21:41]} Nd2+ {[%clk 0:02:33]} 39. Bxd2 {[%clk 0:19:11]} Bxd2
{[%clk 0:03:02]} 40. Nd3 {[%clk 0:18:40]} h5 {[%clk 0:02:46]} 41. e4+
{[%clk 0:18:58]} Kf6 {[%clk 0:02:28]} 1/2-1/2

[Event "Sport Summer 2016"]
[Site "Paracin"]
[Date "2016.07.11"]
[Round "5.4"]
[White "Radovanovic, Nikola"]
[Black "Georgiev, Kiril"]
[Result "0-1"]
[BlackElo "2613"]
[WhiteElo "2392"]
[LiveChessVersion "1.4.8"]

1. d4 {[%clk 1:30:57]} Nf6 {[%clk 1:29:39]} 2. c4 {[%clk 1:31:18]} g6
{[%clk 1:27:51]} 3. Nc3 {[%clk 1:31:08]} d5 {[%clk 1:27:49]} 4. cxd5
{[%clk 1:30:02]} Nxd5 {[%clk 1:28:10]} 5. Bd2 {[%clk 1:30:09]} Bg7
{[%clk 1:26:00]} 6. e4 {[%clk 1:30:17]} Nb6 {[%clk 1:26:02]} 7. Be3
{[%clk 1:30:24]} O-O {[%clk 1:26:20]} 8. Be2 {[%clk 1:28:43]} Nc6
{[%clk 1:23:11]} 9. Nf3 {[%clk 1:28:54]} Bg4 {[%clk 1:22:54]} 10. d5
{[%clk 1:28:57]} Bxf3 {[%clk 1:20:57]} 11. gxf3 {[%clk 1:28:54]} Na5
{[%clk 1:20:03]} 12. Bd4 {[%clk 1:27:00]} Qd6 {[%clk 1:19:01]} 13. Nb5
{[%clk 0:51:26]} Qb4+ {[%clk 1:16:07]} 14. Bc3 {[%clk 0:48:46]} Bxc3+
{[%clk 1:16:07]} 15. bxc3 {[%clk 0:48:58]} Qc5 {[%clk 1:14:38]} 16. Qd4
{[%clk 0:44:30]} Qxd4 {[%clk 1:10:22]} 17. cxd4 {[%clk 0:42:56]} c6
{[%clk 1:06:56]} 18. dxc6 {[%clk 0:42:11]} bxc6 {[%clk 1:06:51]} 19. Na3
{[%clk 0:38:47]} Rfd8 {[%clk 1:04:53]} 20. Nc2 {[%clk 0:35:31]} Na4
{[%clk 0:49:55]} 21. Kd2 {[%clk 0:25:29]} c5 {[%clk 0:47:07]} 22. Ke3
{[%clk 0:19:31]} Nc3 {[%clk 0:36:07]} 23. d5 {[%clk 0:17:11]} Rab8
{[%clk 0:35:05]} 24. Kd2 {[%clk 0:13:48]} Nxe2 {[%clk 0:33:14]} 25. Kxe2
{[%clk 0:14:13]} Rb2 {[%clk 0:30:53]} 26. Rhc1 {[%clk 0:12:41]} e6
{[%clk 0:29:20]} 27. dxe6 {[%clk 0:07:07]} fxe6 {[%clk 0:27:12]} 28. Ke1
{[%clk 0:06:47]} Nc4 {[%clk 0:22:58]} 29. Rab1 {[%clk 0:05:57]} Rxa2
{[%clk 0:22:42]} 30. Ra1 {[%clk 0:06:19]} Rb2 {[%clk 0:22:18]} 31. Rab1
{[%clk 0:06:40]} Rdb8 {[%clk 0:16:39]} 32. Rxb2 {[%clk 0:06:45]} Rxb2
{[%clk 0:17:00]} 33. f4 {[%clk 0:05:57]} a5 {[%clk 0:13:17]} 34. Ne3
{[%clk 0:05:05]} Nxe3 {[%clk 0:11:55]} 35. fxe3 {[%clk 0:05:30]} a4
{[%clk 0:12:16]} 36. Ra1 {[%clk 0:05:31]} Rb4 {[%clk 0:11:54]} 37. e5
{[%clk 0:05:56]} g5 {[%clk 0:11:54]} 38. fxg5 {[%clk 0:06:05]} Kg7
{[%clk 0:12:10]} 39. Kd2 {[%clk 0:06:05]} Kg6 {[%clk 0:11:44]} 40. Rc1
{[%clk 0:06:15]} a3 {[%clk 0:09:53]} 41. Rxc5 {[%clk 0:06:35]} Ra4
{[%clk 0:10:18]} 42. Rc1 {[%clk 0:06:56]} a2 {[%clk 0:10:29]} 43. Ra1
{[%clk 0:07:23]} Kxg5 {[%clk 0:10:40]} 44. Kc2 {[%clk 0:07:26]} Kf5
{[%clk 0:10:58]} 45. Kb3 {[%clk 0:07:14]} Ra7 {[%clk 0:11:11]} 46. Kb2
{[%clk 0:07:16]} Kxe5 {[%clk 0:11:29]} 0-1

[Event "Sport Summer 2016"]
[Site "Paracin"]
[Date "2016.07.11"]
[Round "5.5"]
[White "Atalik, Suat"]
[Black "Nestorovic, Dejan"]
[Result "1/2-1/2"]
[BlackElo "2387"]
[WhiteElo "2564"]
[LiveChessVersion "1.4.8"]

1. Nf3 {[%clk 1:30:54]} c5 {[%clk 1:30:52]} 2. c4 {[%clk 1:31:14]} Nc6
{[%clk 1:31:13]} 3. d4 {[%clk 1:31:31]} cxd4 {[%clk 1:31:29]} 4. Nxd4
{[%clk 1:31:54]} e5 {[%clk 1:31:51]} 5. Nc2 {[%clk 1:25:43]} d6 {[%clk 1:26:26]}
6. Nc3 {[%clk 1:24:20]} Be6 {[%clk 1:26:00]} 7. e4 {[%clk 1:24:03]} Be7
{[%clk 1:23:38]} 8. Be2 {[%clk 1:22:58]} a6 {[%clk 1:23:02]} 9. O-O
{[%clk 1:22:16]} Nf6 {[%clk 1:23:26]} 10. Be3 {[%clk 1:16:47]} O-O
{[%clk 1:22:12]} 11. Qd2 {[%clk 1:16:51]} Rc8 {[%clk 1:19:13]} 12. Rfc1
{[%clk 1:15:25]} h6 {[%clk 1:14:07]} 13. Ne1 {[%clk 1:08:53]} Nb8
{[%clk 1:10:22]} 14. b3 {[%clk 1:08:18]} Nbd7 {[%clk 1:09:29]} 15. h3
{[%clk 1:06:21]} Rc7 {[%clk 1:04:20]} 16. Nd3 {[%clk 1:03:49]} Qb8
{[%clk 0:50:10]} 17. Nb4 {[%clk 0:59:56]} Rcc8 {[%clk 0:43:38]} 18. Nbd5
{[%clk 0:56:43]} Bxd5 {[%clk 0:41:59]} 19. Nxd5 {[%clk 0:56:43]} Nxd5
{[%clk 0:42:04]} 20. cxd5 {[%clk 0:54:06]} Nf6 {[%clk 0:39:13]} 21. Qd3
{[%clk 0:51:33]} Rxc1+ {[%clk 0:35:55]} 22. Rxc1 {[%clk 0:51:56]} Rc8
{[%clk 0:36:20]} 23. Rc2 {[%clk 0:47:27]} Rxc2 {[%clk 0:35:47]} 24. Qxc2
{[%clk 0:47:54]} Bd8 {[%clk 0:36:06]} 25. Kf1 {[%clk 0:39:37]} Ba5
{[%clk 0:35:38]} 26. g4 {[%clk 0:35:45]} Nh7 {[%clk 0:31:29]} 27. Kg2
{[%clk 0:35:48]} Qd8 {[%clk 0:29:40]} 28. h4 {[%clk 0:32:04]} g5 {[%clk 0:28:11]}
29. h5 {[%clk 0:29:37]} Bb6 {[%clk 0:27:03]} 30. Bd2 {[%clk 0:29:48]} Nf6
{[%clk 0:26:41]} 31. a4 {[%clk 0:29:36]} a5 {[%clk 0:23:29]} 32. Qc4
{[%clk 0:27:21]} Bd4 {[%clk 0:19:57]} 33. f3 {[%clk 0:25:46]} Bc5
{[%clk 0:16:05]} 34. Qb5 {[%clk 0:25:51]} b6 {[%clk 0:16:29]} 35. Qc6
{[%clk 0:25:31]} Kg7 {[%clk 0:16:47]} 36. Be1 {[%clk 0:24:23]} Qb8
{[%clk 0:15:54]} 37. Ba6 {[%clk 0:23:17]} Qd8 {[%clk 0:16:03]} 38. Qc8
{[%clk 0:22:11]} Qxc8 {[%clk 0:14:16]} 39. Bxc8 {[%clk 0:22:39]} Ne8
{[%clk 0:14:17]} 40. Kf1 {[%clk 0:21:52]} Nc7 {[%clk 0:14:35]} 41. Ke2
{[%clk 0:22:18]} Kf8 {[%clk 0:15:00]} 42. Kd3 {[%clk 0:22:03]} Ke7
{[%clk 0:15:21]} 43. Kc4 {[%clk 0:22:09]} Kd8 {[%clk 0:14:46]} 44. Bb7
{[%clk 0:22:34]} Ke7 {[%clk 0:15:09]} 45. Bd2 {[%clk 0:15:46]} Ke8
{[%clk 0:05:29]} 46. b4 {[%clk 0:15:03]} axb4 {[%clk 0:05:18]} 47. Bxb4
{[%clk 0:15:27]} Ke7 {[%clk 0:00:33]} 48. Bc6 {[%clk 0:15:04]} Be3
{[%clk 0:00:35]} 49. Kd3 {[%clk 0:11:36]} Bf2 {[%clk 0:00:42]} 50. Bb7
{[%clk 0:10:07]} Kd7 {[%clk 0:00:52]} 51. Bd2 {[%clk 0:10:16]} Ke7
{[%clk 0:01:06]} 52. Kc4 {[%clk 0:08:39]} Bc5 {[%clk 0:01:19]} 53. Bc6
{[%clk 0:08:04]} Bf2 {[%clk 0:01:33]} 54. Bb7 {[%clk 0:05:03]} Bg1
{[%clk 0:01:56]} 55. Bc8 {[%clk 0:03:23]} Bf2 {[%clk 0:02:16]} 56. a5
{[%clk 0:03:31]} bxa5 {[%clk 0:02:09]} 57. Bxa5 {[%clk 0:03:59]} Kd8
{[%clk 0:02:19]} 58. Bf5 {[%clk 0:04:11]} Bc5 {[%clk 0:01:56]} 59. Bg6
{[%clk 0:03:24]} f6 {[%clk 0:02:20]} 60. Bf5 {[%clk 0:03:41]} Bf2
{[%clk 0:02:37]} 61. Kb4 {[%clk 0:03:20]} Be1+ {[%clk 0:02:16]} 62. Ka4
{[%clk 0:03:49]} Bf2 {[%clk 0:02:37]} 63. Bb4 {[%clk 0:02:24]} Ke7
{[%clk 0:02:57]} 64. Bc8 {[%clk 0:02:30]} Be3 {[%clk 0:03:13]} 65. Ba5
{[%clk 0:02:44]} Kd8 {[%clk 0:03:29]} 66. Bb7 {[%clk 0:03:00]} Bf2
{[%clk 0:03:49]} 67. Kb3 {[%clk 0:02:57]} Be3 {[%clk 0:04:07]} 68. Kc4
{[%clk 0:03:20]} Bf2 {[%clk 0:04:25]} 69. Ba6 {[%clk 0:03:22]} Bg1
{[%clk 0:04:36]} 70. Bb5 {[%clk 0:03:41]} Bf2 {[%clk 0:04:54]} 71. Bc6
{[%clk 0:03:51]} Bg1 {[%clk 0:05:15]} 72. Kb3 {[%clk 0:04:10]} Bf2
{[%clk 0:05:34]} 73. Ka4 {[%clk 0:04:11]} Be3 {[%clk 0:05:52]} 74. Bb4
{[%clk 0:04:27]} Ke7 {[%clk 0:06:11]} 75. Ka5 {[%clk 0:04:28]} Bf2
{[%clk 0:06:26]} 76. Ka4 {[%clk 0:04:36]} Be3 {[%clk 0:06:42]} 77. Bb5
{[%clk 0:04:53]} Bf2 {[%clk 0:06:45]} 78. Ba5 {[%clk 0:05:08]} Kd8
{[%clk 0:06:49]} 79. Bxc7+ {[%clk 0:05:31]} 1/2-1/2

[Event "Sport Summer 2016"]
[Site "Paracin"]
[Date "2016.07.11"]
[Round "5.6"]
[White "Damljanovic, Branko"]
[Black "Brankovic, Dejan"]
[Result "1-0"]
[BlackElo "2353"]
[WhiteElo "2557"]
[LiveChessVersion "1.4.8"]

1. d4 {[%clk 1:29:55]} Nf6 {[%clk 1:30:30]} 2. c4 {[%clk 1:30:21]} e6
{[%clk 1:30:16]} 3. Nf3 {[%clk 1:30:22]} Bb4+ {[%clk 1:30:29]} 4. Bd2
{[%clk 1:30:45]} Qe7 {[%clk 1:30:12]} 5. g3 {[%clk 1:30:32]} b6 {[%clk 1:29:27]}
6. Bg2 {[%clk 1:30:41]} Bb7 {[%clk 1:29:51]} 7. O-O {[%clk 1:31:03]} O-O
{[%clk 1:29:00]} 8. Bg5 {[%clk 1:29:53]} d5 {[%clk 1:07:44]} 9. cxd5
{[%clk 1:21:21]} exd5 {[%clk 1:04:03]} 10. a3 {[%clk 1:20:28]} Bd6
{[%clk 1:04:28]} 11. Bxf6 {[%clk 1:20:35]} Qxf6 {[%clk 1:03:02]} 12. Nc3
{[%clk 1:21:01]} Qe7 {[%clk 0:37:14]} 13. Nd2 {[%clk 1:16:15]} c6
{[%clk 0:32:50]} 14. e4 {[%clk 1:16:34]} dxe4 {[%clk 0:32:26]} 15. Ndxe4
{[%clk 1:17:02]} Rd8 {[%clk 0:18:32]} 16. Re1 {[%clk 1:01:08]} Qf8
{[%clk 0:17:25]} 17. Nb5 {[%clk 0:54:15]} cxb5 {[%clk 0:11:38]} 18. Nf6+
{[%clk 0:54:29]} gxf6 {[%clk 0:12:01]} 19. Bxb7 {[%clk 0:54:55]} Na6
{[%clk 0:10:39]} 20. Bxa6 {[%clk 0:55:21]} b4 {[%clk 0:10:54]} 21. a4
{[%clk 0:55:38]} Qg7 {[%clk 0:06:25]} 22. Qf3 {[%clk 0:45:53]} f5
{[%clk 0:04:46]} 23. Qxf5 {[%clk 0:39:59]} Bf8 {[%clk 0:03:02]} 24. Rad1
{[%clk 0:37:47]} Rxd4 {[%clk 0:02:54]} 25. Rxd4 {[%clk 0:38:09]} Qxd4
{[%clk 0:03:23]} 26. Re4 {[%clk 0:38:22]} Qd1+ {[%clk 0:01:16]} 27. Kg2
{[%clk 0:38:44]} Bg7 {[%clk 0:01:07]} 28. Bc4 {[%clk 0:38:26]} Qd6
{[%clk 0:00:49]} 29. Qxf7+ {[%clk 0:37:22]} Kh8 {[%clk 0:01:19]} 30. Re7
{[%clk 0:36:42]} Qh6 {[%clk 0:00:57]} 31. Re6 {[%clk 0:33:47]} Rf8
{[%clk 0:01:21]} 32. Rxh6 {[%clk 0:33:13]} 1-0

[Event "Sport Summer 2016"]
[Site "Paracin"]
[Date "2016.07.11"]
[Round "5.7"]
[White "Kosic, Dragan"]
[Black "Carnic, Srdjan"]
[Result "1-0"]
[BlackElo "2318"]
[WhiteElo "2504"]
[LiveChessVersion "1.4.8"]

1. d4 {[%clk 1:28:06]} Nf6 {[%clk 1:30:41]} 2. Nf3 {[%clk 1:27:52]} e6
{[%clk 1:30:22]} 3. e3 {[%clk 1:23:45]} c5 {[%clk 1:29:34]} 4. Bd3
{[%clk 1:24:10]} Be7 {[%clk 1:26:56]} 5. O-O {[%clk 1:21:51]} O-O
{[%clk 1:25:16]} 6. c4 {[%clk 1:18:52]} d5 {[%clk 1:19:48]} 7. cxd5
{[%clk 1:02:31]} exd5 {[%clk 1:20:00]} 8. Nc3 {[%clk 1:02:56]} Nc6
{[%clk 1:20:07]} 9. dxc5 {[%clk 1:03:08]} Bxc5 {[%clk 1:20:19]} 10. h3
{[%clk 1:03:06]} a6 {[%clk 1:19:14]} 11. Ne2 {[%clk 0:56:35]} Qd6
{[%clk 1:11:35]} 12. b3 {[%clk 0:41:40]} Bd7 {[%clk 1:04:08]} 13. Bb2
{[%clk 0:35:39]} Ba3 {[%clk 0:53:19]} 14. Qc1 {[%clk 0:30:35]} Bxb2
{[%clk 0:52:32]} 15. Qxb2 {[%clk 0:31:03]} Rad8 {[%clk 0:49:48]} 16. Rfd1
{[%clk 0:29:51]} Rfe8 {[%clk 0:49:09]} 17. Ned4 {[%clk 0:30:00]} Ne5
{[%clk 0:46:55]} 18. Be2 {[%clk 0:30:20]} Ne4 {[%clk 0:45:24]} 19. Rac1
{[%clk 0:29:56]} g6 {[%clk 0:32:34]} 20. Rc2 {[%clk 0:26:52]} Rc8
{[%clk 0:28:20]} 21. Rdc1 {[%clk 0:25:39]} Rxc2 {[%clk 0:26:56]} 22. Rxc2
{[%clk 0:26:02]} Rc8 {[%clk 0:25:06]} 23. Rxc8+ {[%clk 0:22:47]} Bxc8
{[%clk 0:25:31]} 24. Qc1 {[%clk 0:21:48]} Bd7 {[%clk 0:25:24]} 25. Nxe5
{[%clk 0:21:58]} Qxe5 {[%clk 0:25:42]} 26. f3 {[%clk 0:22:10]} Nf6
{[%clk 0:21:35]} 27. Kf2 {[%clk 0:22:16]} Qh2 {[%clk 0:18:31]} 28. Qg1
{[%clk 0:22:19]} Qc7 {[%clk 0:18:43]} 29. g4 {[%clk 0:21:52]} h5 {[%clk 0:15:51]}
30. g5 {[%clk 0:19:31]} Ne8 {[%clk 0:13:34]} 31. h4 {[%clk 0:19:53]} Kf8
{[%clk 0:07:50]} 32. Kg2 {[%clk 0:17:41]} Qc3 {[%clk 0:07:47]} 33. Kf2
{[%clk 0:17:26]} Qb2 {[%clk 0:06:53]} 34. a4 {[%clk 0:17:16]} b5 {[%clk 0:06:44]}
35. axb5 {[%clk 0:16:56]} Bxb5 {[%clk 0:06:57]} 36. Nxb5 {[%clk 0:16:13]} axb5
{[%clk 0:07:22]} 37. Qd1 {[%clk 0:16:37]} Nc7 {[%clk 0:04:44]} 38. Qd3
{[%clk 0:15:49]} Qe5 {[%clk 0:03:34]} 39. f4 {[%clk 0:16:08]} Qd6
{[%clk 0:03:36]} 40. Qd4 {[%clk 0:15:58]} b4 {[%clk 0:03:25]} 41. Bf3
{[%clk 0:16:06]} Ke7 {[%clk 0:03:44]} 42. Kg3 {[%clk 0:16:14]} Kd7
{[%clk 0:03:41]} 43. Kg2 {[%clk 0:13:54]} Ke7 {[%clk 0:03:59]} 44. f5
{[%clk 0:13:51]} gxf5 {[%clk 0:02:21]} 45. Bxh5 {[%clk 0:14:15]} Nb5
{[%clk 0:01:06]} 46. Qd3 {[%clk 0:12:40]} Nc3 {[%clk 0:00:51]} 47. Qxf5
{[%clk 0:12:49]} Qe6 {[%clk 0:00:49]} 48. Qxe6+ {[%clk 0:12:37]} Kxe6
{[%clk 0:00:44]} 49. Bf3 {[%clk 0:12:39]} Kf5 {[%clk 0:00:42]} 50. Kg3
{[%clk 0:12:43]} f6 {[%clk 0:00:41]} 51. gxf6 {[%clk 0:12:57]} Kxf6
{[%clk 0:01:05]} 52. Kf4 {[%clk 0:13:17]} 1-0

[Event "Sport Summer 2016"]
[Site "Paracin"]
[Date "2016.07.11"]
[Round "5.8"]
[White "Zajic, Milan"]
[Black "Kasparova, Tatiana"]
[Result "1-0"]
[BlackElo "2141"]
[WhiteElo "2481"]
[LiveChessVersion "1.4.8"]

1. e4 {[%clk 1:30:57]} d6 {[%clk 1:29:15]} 2. d4 {[%clk 1:31:09]} Nf6
{[%clk 1:29:40]} 3. Nc3 {[%clk 1:31:29]} e5 {[%clk 1:30:06]} 4. Nf3
{[%clk 1:31:46]} Nbd7 {[%clk 1:30:10]} 5. Bc4 {[%clk 1:31:41]} Be7
{[%clk 1:30:35]} 6. O-O {[%clk 1:31:31]} O-O {[%clk 1:31:01]} 7. Re1
{[%clk 1:30:38]} c6 {[%clk 1:31:02]} 8. a4 {[%clk 1:30:59]} b6 {[%clk 1:30:28]}
9. h3 {[%clk 1:29:28]} a6 {[%clk 1:27:58]} 10. Ba2 {[%clk 1:28:27]} Rb8
{[%clk 1:28:15]} 11. Be3 {[%clk 1:28:00]} b5 {[%clk 1:24:57]} 12. axb5
{[%clk 1:28:20]} axb5 {[%clk 1:25:22]} 13. b4 {[%clk 1:28:15]} Qc7
{[%clk 1:24:36]} 14. Bb3 {[%clk 1:25:18]} Nb6 {[%clk 1:19:36]} 15. Qd3
{[%clk 1:23:15]} exd4 {[%clk 1:06:54]} 16. Nxd4 {[%clk 1:16:18]} Bd7
{[%clk 1:03:01]} 17. Bf4 {[%clk 1:10:17]} Ra8 {[%clk 0:57:43]} 18. Rxa8
{[%clk 0:55:36]} Rxa8 {[%clk 0:58:02]} 19. e5 {[%clk 0:54:58]} Nh5
{[%clk 0:50:13]} 20. Bh2 {[%clk 0:14:03]} g6 {[%clk 0:31:17]} 21. Ndxb5
{[%clk 0:10:30]} cxb5 {[%clk 0:29:19]} 22. exd6 {[%clk 0:10:43]} Bxd6
{[%clk 0:28:33]} 23. Bxd6 {[%clk 0:11:05]} Qc6 {[%clk 0:28:04]} 24. Nd5
{[%clk 0:09:02]} Nc8 {[%clk 0:27:08]} 25. Bc5 {[%clk 0:08:43]} Ra6
{[%clk 0:18:40]} 26. g4 {[%clk 0:07:31]} Ng7 {[%clk 0:17:32]} 27. Nf6+
{[%clk 0:06:27]} Qxf6 {[%clk 0:17:06]} 28. Qxd7 {[%clk 0:06:46]} Nd6
{[%clk 0:15:36]} 29. Qe7 {[%clk 0:03:08]} Qxe7 {[%clk 0:12:39]} 30. Rxe7
{[%clk 0:03:35]} Nge8 {[%clk 0:12:19]} 31. Bxf7+ {[%clk 0:03:02]} Nxf7
{[%clk 0:11:41]} 32. Rxe8+ {[%clk 0:03:29]} Kg7 {[%clk 0:11:58]} 33. Bd4+
{[%clk 0:03:35]} Kh6 {[%clk 0:12:05]} 34. Re7 {[%clk 0:03:59]} 1-0